[Event "40th Eastman Open Ghent"]
[Site "Ghent"]
[Date "2017.07.16"]
[Round "4"]
[White "Froeyman, Helmut"]
[Black "Chatalbashev, Boris"]
[Result "1/2-1/2"]
[WhiteElo "2264"]
[BlackElo "2552"]
[Annotator "TA"]
[PlyCount "48"]
[EventDate "2017.??.??"]
[EventType "swiss"]
[EventCountry "BEL"]
[SourceTitle "playchess.com"]
[Source "ChessBase"]
[SourceQuality "1"]

{[%evp 16,48,46,8,0,0,0,0,30,31,22,15,22,10,32,27,37,14,21,19,11,0,0,0,0,0,0,0,0,0,0,0,0,0,0]} 1. e4 g6 2. d4 Bg7 3. Nf3 c6 4. Nc3 d5 5. h3 Nf6 6. e5 Ne4 7. Nxe4 dxe4 8. Ng5 c5 9. e6 (9. dxc5 {seems wilder.} Qxd1+ 10. Kxd1 Nc6 11. c3 O-O 12. Nxe4 Nxe5 13. Be2) 9... Bxe6 {B15: Caro-Kann: 3 Nc3: 3...g6 and 3...dxe4 4 Nxe4 Nf6 5 Nxf6+ exf6} 10. Nxe6 fxe6 11. dxc5 Qxd1+ 12. Kxd1 O-O {[#] White must now prevent ...Nc6.} 13. Bc4 (13. Ke2 Na6 14. g3 Nxc5 15. Bg2 Rac8 16. Rb1 b5 17. Rd1 {½-½ (25) Rozentalis,E (2541)-Chatalbashev,B (2550) Koge 2015}) 13... Nc6 14. Rf1 Rad8+ 15. Ke1 Kh8 16. Bxe6 Bd4 $1 {The position is equal.} 17. Bb3 $146 ({Predecessor:} 17. c3 Bxc5 {½-½ (25) Atakisi,U (2337)-Banet,J (2425) ICCF email 2005}) 17... Bxc5 18. Be3 (18. c3 {looks sharper.} Ne5 19. Bc2 Nd3+ 20. Bxd3 Rxd3 21. Ke2) 18... Bxe3 19. fxe3 Rxf1+ 20. Kxf1 $11 {KRB-KRN} Rd2 21. Re1 Kg7 22. Re2 Rd1+ 23. Re1 Rd2 24. Re2 Rd1+ 1/2-1/2

[Event "40th Eastman Open Ghent"]
[Site "Ghent"]
[Date "2017.07.16"]
[Round "4"]
[White "Cordts, Ingo"]
[Black "Kovalev, Andrei"]
[Result "0-1"]
[WhiteElo "2259"]
[BlackElo "2517"]
[Annotator "TA"]
[PlyCount "84"]
[EventDate "2017.??.??"]
[EventType "swiss"]
[EventCountry "BEL"]
[SourceTitle "playchess.com"]
[Source "ChessBase"]
[SourceQuality "1"]

{[%evp 21,84,0,17,-2,19,0,12,8,35,39,43,39,49,54,53,0,0,-26,-18,-18,-17,-21,-20,-58,0,-7,0,-19,-6,-4,-8,-24,-2,-36,-36,-97,-83,-181,-175,-170,-62,-145,-110,-197,-204,-259,-266,-252,-256,-263,-246,-244,-215,-621,-620,-1091,-1085,-1027,-1015,-928,-602,-563,-462,-462,-435]} 1. Nf3 g6 2. d4 Bg7 3. c4 d6 4. Nc3 Nd7 5. e4 e5 6. Be2 Ngf6 7. O-O O-O 8. Re1 Re8 9. Bf1 a6 10. Rb1 exd4 {E95: King's Indian: Classical: 7...Nbd7 8 Re1} 11. Nxd4 c6 {LiveBook: 37 Games} 12. a3 (12. Bf4 Ne5 13. h3 Be6 14. b3 c5 15. Nxe6 Rxe6 16. Qd2 Nc6 17. Bd3 Nb4 18. Nd5 Nxd3 19. Qxd3 Nxd5 20. exd5 Rxe1+ 21. Rxe1 {½-½ (37) Wojtaszek,R (2736)-Jones,G (2664) Bilbao 2014}) 12... Qc7 $146 {The position is equal.} ({Predecessor:} 12... Nc5 13. f3 Qe7 14. Be3 Bd7 15. b4 Ne6 16. Qd2 Rad8 17. Rbd1 Bc8 18. Nxe6 fxe6 19. Qc2 Rf8 20. e5 dxe5 21. Bc5 Qc7 22. Bxf8 Rxf8 23. Qd2 {½-½ (23) Geisler,R (1736)-Weidlich,G (2146) Bad Harzburg 2012}) 13. f3 Ne5 (13... d5 $5) 14. Be3 c5 (14... b5 $5) 15. Nc2 Be6 16. b3 Rab8 17. Qd2 Qa5 18. Nd5 ({White should try} 18. Red1 $14) 18... Qxd2 $11 19. Nxf6+ (19. Bxd2 {seems wilder.} Nxd5 20. cxd5 Bd7 21. Ne3 f5 22. exf5 gxf5 23. Nc4) 19... Bxf6 20. Bxd2 b5 21. cxb5 axb5 22. Ba5 Bd8 ({Black should play} 22... c4 $15 23. Nd4 Nd3 24. Nxe6 Nxe1) 23. Bxd8 Rexd8 24. Red1 Kf8 25. b4 c4 $36 {[%mdl 2048] Black has the initiative.} 26. Nd4 Bd7 27. f4 Ng4 28. a4 (28. Ne2 $15) 28... bxa4 29. Rdc1 (29. Re1 $17 {keeps fighting.}) 29... Re8 $19 30. Rxc4 {[#]} Rxe4 (30... Ne3 $1 $19 {[%cal Re3c4]} 31. Rc7 Rxe4 32. Rxd7 Rxd4) 31. Bd3 (31. b5 $15) 31... Ne3 32. Bxe4 (32. Nc6 $17 Rxc4 33. Nxb8) 32... Nxc4 33. Bd3 Nd2 34. Rb2 {[#]} Nb3 $1 {[%cal Rb3d4][%mdl 512]} 35. Nc2 (35. Nxb3 Rxb4) 35... Rc8 36. Na3 Nd4 37. Nc4 $2 (37. Bc4) 37... Bb5 {Black is clearly winning.} 38. Nxd6 Rc1+ 39. Kf2 Bxd3 40. Ke3 Nb5 41. Kxd3 Nxd6 42. Ra2 Rd1+ {Precision: White = 39%, Black = 58%.} 0-1

[Event "40th Eastman Open Ghent"]
[Site "Ghent"]
[Date "2017.07.16"]
[Round "4"]
[White "Clemens, Adrian"]
[Black "Docx, Stefan"]
[Result "0-1"]
[WhiteElo "2198"]
[BlackElo "2427"]
[Annotator "TA"]
[PlyCount "76"]
[EventDate "2017.??.??"]
[EventType "swiss"]
[EventCountry "BEL"]
[SourceTitle "playchess.com"]
[Source "ChessBase"]
[SourceQuality "1"]

{[%evp 14,76,-7,-36,-43,-53,0,3,-4,-27,0,-62,-64,-95,-88,-91,-84,-65,-102,-77,-60,-217,-216,-225,-216,-200,-62,-64,-56,-86,-105,-75,2,0,-44,-192,-194,-203,-195,-209,-166,-172,-156,-152,-147,-339,-181,-158,-47,-335,-348,-364,-364,-336,-343,-442,-431,-514,-454,-485,-486,-776,-741,-2324,-2300]} 1. c4 e5 2. Nc3 Bb4 3. Qc2 Nf6 4. Nf3 Nc6 5. e3 d6 6. a3 {A28: English Opening: Four Knights Variation} Bxc3 7. Qxc3 O-O 8. b4 {[%cal Bb2b4,Bb4b5][%mdl 32] LiveBook: 3 Games. The position is equal.} e4 9. b5 $146 ({Predecessor:} 9. Nd4 Ne5 10. Bb2 Re8 11. c5 a5 12. Be2 axb4 13. axb4 {1-0 (56) Onischuk,A (2575)-Vydeslaver,A (2445) Halle 1995}) 9... Ne7 ({Black should play} 9... exf3 $15 10. bxc6 Ne4) 10. Nd4 $11 c5 11. Ne2 a6 12. Rb1 (12. Ng3 $11) 12... b6 13. Nf4 axb5 14. Rxb5 Ng6 15. Nxg6 fxg6 16. h3 Nd7 17. Bb2 $2 (17. d4 $15) 17... Ne5 $19 18. d4 exd3 $1 19. Bxd3 Bd7 (19... Bb7 $19 20. O-O Qg5) 20. Be4 Bxb5 21. Bd5+ Kh8 22. cxb5 Ra7 (22... Qf6 $17 23. O-O Ra5) 23. f4 $1 $11 Qh4+ 24. Kd2 {[#]} ({White should try} 24. Ke2 $1 $15) 24... Ng4 $1 $19 {[%mdl 512] Strongly threatening ...Qf2+.} 25. g3 (25. hxg4 Qxh1) 25... Qh5 26. Bf3 Nf6 27. e4 d5 28. exd5 Qf5 29. Re1 $2 (29. Qd3 $17) 29... Nxd5 (29... Qxh3 $142 30. Bh1 Nh5) 30. Qe5 {[#]} Nf6 ({Not} 30... Qxh3 31. Bxd5 Qxg3 32. Qd6 $16) (30... Qxe5 $1 $17 31. Rxe5 Ne7) 31. Kc1 $2 {[%mdl 8192]} (31. Qxf5 $15 gxf5 32. Re6) 31... Qd3 32. Re3 Qxb5 33. Qd6 Qf1+ 34. Bd1 Raa8 {Black is clearly winning.} 35. Rd3 h6 36. g4 c4 37. Rf3 (37. Rd4 $142 Qxh3 38. Kb1) 37... Qh1 {...Rfd8 is the strong threat.} 38. Qe5 Rfe8 {Precision: White = 21%, Black = 52%.} 0-1

[Event "40th Eastman Open Ghent"]
[Site "Ghent"]
[Date "2017.07.16"]
[Round "4"]
[White "Van Herck, Marcel"]
[Black "Michielsen, Joost"]
[Result "1/2-1/2"]
[WhiteElo "2156"]
[BlackElo "2409"]
[Annotator "ChessBase"]
[PlyCount "60"]
[EventDate "2017.??.??"]
[EventType "swiss"]
[EventCountry "BEL"]
[SourceTitle "playchess.com"]
[Source "ChessBase"]
[SourceQuality "1"]
[TimeControl "7200"]

1. e4 {[%emt 0:00:41]} c5 {[%emt 0:00:05]} 2. Nf3 {[%emt 0:00:12]} e6 {[%emt 0:00:06]} 3. d4 {[%emt 0:00:05]} cxd4 {[%emt 0:00:04]} 4. Nxd4 {[%emt 0:00:05]} Nc6 {[%emt 0:00:06]} 5. Nc3 {[%emt 0:02:08]} Qc7 {[%emt 0:00:05]} 6. Be3 {[%emt 0:00:41]} a6 {[%emt 0:00:04]} 7. Qf3 {[%emt 0:00:36]} Bd6 {[%emt 0:02:04]} 8. O-O-O {[%emt 0:12:49]} Be5 {[%emt 0:00:45]} 9. Nxc6 {[%emt 0:02:20]} Qxc6 {[%emt 0:24:00]} 10. Bd4 {[%emt 0:01:17]} Bxd4 {[%emt 0:00:33]} 11. Rxd4 {[%emt 0:01:39]} Qc5 {[%emt 0:00:29]} 12. Rd2 {[%emt 0:03:37]} Ne7 {[%emt 0:05:57]} 13. Qg3 {[%emt 0:08:27]} O-O {[%emt 0:00:52]} 14. e5 {[%emt 0:04:54]} Ng6 {[%emt 0:12:47]} 15. f4 {[%emt 0:00:51]} Qb4 {[%emt 0:00:57]} 16. Rf2 {[%emt 0:14:21]} d6 {[%emt 0:11:49]} 17. exd6 {[%emt 0:04:43]} Qxd6 {[%emt 0:00:08]} 18. Bd3 {[%emt 0:01:26]} Bd7 {[%emt 0:01:57]} 19. Rd1 {[%emt 0:00:48]} Qe7 {[%emt 0:05:55]} 20. h4 {[%emt 0:12:07]} Bc6 {[%emt 0:04:00]} 21. h5 {[%emt 0:00:27]} Qh4 {[%emt 0:02:25]} 22. Qxh4 {[%emt 0:01:01]} Nxh4 {[%emt 0:00:07]} 23. Be4 {[%emt 0:03:53]} Nf5 {[%emt 0:04:16]} 24. Rd3 {[%emt 0:02:50]} Rac8 {[%emt 0:02:02]} 25. Rfd2 {[%emt 0:04:26]} Bxe4 {[%emt 0:02:05]} 26. Nxe4 {[%emt 0:00:06]} Rc4 {[%emt 0:00:08]} 27. Re2 {[%emt 0:11:09]} Nd4 {[%emt 0:01:19]} 28. Red2 {[%emt 0:00:08]} Nf5 {[%emt 0:00:26]} 29. Re2 {[%emt 0:00:10]} Nd4 {[%emt 0:03:03]} 30. Red2 {[%emt 0:00:03]} Nf5 1/2-1/2

[Event "40th Eastman Open Ghent"]
[Site "Ghent"]
[Date "2017.07.16"]
[Round "4"]
[White "Voogt, Bob"]
[Black "Abolianin, Arthur"]
[Result "0-1"]
[WhiteElo "2150"]
[BlackElo "2329"]
[Annotator "ChessBase"]
[PlyCount "112"]
[EventDate "2017.??.??"]
[EventType "swiss"]
[EventCountry "BEL"]
[SourceTitle "playchess.com"]
[Source "ChessBase"]
[SourceQuality "1"]
[TimeControl "7200"]

1. e4 {[%emt 0:00:41]} c5 {[%emt 0:00:17]} 2. Nf3 {[%emt 0:00:10]} g6 {[%emt 0:00:07]} 3. d4 {[%emt 0:00:47]} cxd4 {[%emt 0:00:07]} 4. Nxd4 {[%emt 0:01:17]} Nf6 {[%emt 0:00:11]} 5. Nc3 {[%emt 0:01:39]} d6 {[%emt 0:00:02]} 6. Be2 {[%emt 0:01:58]} Bg7 {[%emt 0:00:03]} 7. Be3 {[%emt 0:00:41]} O-O {[%emt 0:00:04]} 8. O-O {[%emt 0:00:16]} Nc6 {[%emt 0:00:06]} 9. h3 {[%emt 0:02:20]} Bd7 {[%emt 0:07:11]} 10. Qd2 {[%emt 0:02:01]} Nxd4 {[%emt 0:00:47]} 11. Bxd4 {[%emt 0:00:17]} Bc6 {[%emt 0:00:05]} 12. Bd3 {[%emt 0:02:24]} Qa5 {[%emt 0:02:38]} 13. a3 {[%emt 0:05:42]} a6 {[%emt 0:07:42]} 14. Rad1 {[%emt 0:03:40]} Rfc8 {[%emt 0:00:22]} 15. f4 {[%emt 0:03:21]} Nd7 {[%emt 0:00:13]} 16. Bxg7 {[%emt 0:00:28]} Kxg7 {[%emt 0:00:28]} 17. Qf2 {[%emt 0:02:05]} Qc5 {[%emt 0:02:02]} 18. Rfe1 {[%emt 0:03:28]} Rc7 {[%emt 0:04:34]} 19. Qxc5 {[%emt 0:01:25]} Nxc5 {[%emt 0:00:35]} 20. Bc4 {[%emt 0:02:32]} Na4 {[%emt 0:01:41]} 21. Nxa4 {[%emt 0:02:22]} Bxa4 {[%emt 0:00:02]} 22. b3 {[%emt 0:00:48]} Bb5 {[%emt 0:00:05]} 23. Rb1 {[%emt 0:08:18]} Bxc4 {[%emt 0:26:26]} 24. bxc4 {[%emt 0:00:11]} Rb8 {[%emt 0:01:33]} 25. Rb4 {[%emt 0:01:12]} a5 {[%emt 0:00:15]} 26. Rb5 {[%emt 0:06:25]} Rxc4 {[%emt 0:03:52]} 27. Re2 {[%emt 0:03:06]} b6 {[%emt 0:00:59]} 28. Kf2 {[%emt 0:03:19]} Rc3 {[%emt 0:02:44]} 29. Rb3 {[%emt 0:00:49]} Rxb3 {[%emt 0:00:18]} 30. cxb3 {[%emt 0:00:12]} Rc8 {[%emt 0:00:02]} 31. Re3 {[%emt 0:00:38]} Rc2+ {[%emt 0:01:04]} 32. Kf3 {[%emt 0:00:19]} Kf6 {[%emt 0:00:21]} 33. a4 {[%emt 0:02:01]} e6 {[%emt 0:01:44]} 34. Rd3 {[%emt 0:00:29]} Ke7 {[%emt 0:00:26]} 35. g3 {[%emt 0:01:05]} Rh2 {[%emt 0:04:18]} 36. h4 {[%emt 0:01:37]} f5 {[%emt 0:00:10]} 37. Rc3 {[%emt 0:01:53]} Kd7 {[%emt 0:00:13]} 38. Ke3 {[%emt 0:01:16]} Rh1 {[%emt 0:01:57]} 39. Kd3 {[%emt 0:01:59]} Rd1+ {[%emt 0:00:51]} 40. Ke2 {[%emt 0:01:00]} Rd4 {[%emt 0:00:42]} 41. exf5 {[%emt 0:00:10]} gxf5 {[%emt 0:00:09]} 42. Ke3 {[%emt 0:00:30]} Re4+ {[%emt 0:00:11]} 43. Kd3 {[%emt 0:00:09]} h5 {[%emt 0:00:10]} 44. Rc2 {[%emt 0:00:33]} Rb4 {[%emt 0:00:36]} 45. Rc3 {[%emt 0:00:15]} e5 {[%emt 0:01:30]} 46. fxe5 {[%emt 0:00:12]} dxe5 {[%emt 0:00:02]} 47. Ke3 {[%emt 0:00:53]} Kd6 {[%emt 0:01:30]} 48. Rd3+ {[%emt 0:01:18]} Ke6 {[%emt 0:00:02]} 49. Rc3 {[%emt 0:00:16]} Kd5 {[%emt 0:00:39]} 50. Rd3+ {[%emt 0:00:28]} Rd4 {[%emt 0:00:37]} 51. Rc3 {[%emt 0:00:11]} Rg4 {[%emt 0:01:46]} 52. Kf3 {[%emt 0:01:45]} f4 {[%emt 0:02:36]} 53. Rd3+ {[%emt 0:02:47]} Kc5 {[%emt 0:00:26]} 54. gxf4 {[%emt 0:00:50]} Rxf4+ {[%emt 0:00:22]} 55. Kg3 {[%emt 0:00:11]} Rg4+ {[%emt 0:00:20]} 56. Kh3 {[%emt 0:00:07]} e4 {[%emt 0:00:10]} 0-1

[Event "40th Eastman Open Ghent"]
[Site "Ghent"]
[Date "2017.07.16"]
[Round "4"]
[White "Escribano Illan, Juan Carlos"]
[Black "Stone, Andrew M"]
[Result "1/2-1/2"]
[WhiteElo "1966"]
[BlackElo "2153"]
[Annotator "NA"]
[PlyCount "30"]
[EventDate "2017.??.??"]
[EventType "swiss"]
[EventCountry "BEL"]
[SourceTitle "playchess.com"]
[Source "ChessBase"]
[SourceQuality "1"]
[TimeControl "7200"]

1. Nf3 {[%emt 0:00:08]} Nf6 {[%emt 0:00:41]} 2. b3 {[%emt 0:00:57]} d6 {[%emt 0:01:28]} 3. Bb2 {[%emt 0:00:22]} e5 {[%emt 0:00:10]} 4. c4 {[%emt 0:01:40]} g6 {[%emt 0:01:55]} 5. g3 {[%emt 0:00:21]} Bg7 {[%emt 0:00:13]} 6. Bg2 {[%emt 0:00:10]} O-O {[%emt 0:00:14]} 7. O-O {[%emt 0:00:15]} Re8 {[%emt 0:02:22]} 8. Nc3 {[%emt 0:02:06]} c6 {[%emt 0:01:46]} 9. e4 {[%emt 0:07:39]} Nbd7 {[%emt 0:12:22]} 10. Qc2 {[%emt 0:05:15]} a6 {[%emt 0:11:26]} 11. d4 {[%emt 0:04:47]} Qc7 {[%emt 0:04:21]} 12. Rfd1 {[%emt 0:10:56]} b5 {[%emt 0:11:19]} 13. cxb5 {[%emt 0:27:59]} cxb5 {[%emt 0:00:41]} 14. dxe5 {[%emt 0:06:35]} dxe5 {[%emt 0:05:32]} 15. Rac1 {[%emt 0:02:01]} Bb7 {[%emt 0:17:01]} 1/2-1/2

[Event "40th Eastman Open Ghent"]
[Site "Ghent"]
[Date "2017.07.17"]
[Round "5"]
[White "Chatalbashev, Boris"]
[Black "Sarrau, Jelle"]
[Result "1-0"]
[WhiteElo "2552"]
[BlackElo "2363"]
[Annotator "TA"]
[PlyCount "87"]
[EventDate "2017.??.??"]
[EventType "swiss"]
[EventCountry "BEL"]
[SourceTitle "playchess.com"]
[Source "ChessBase"]
[SourceQuality "1"]

{[%evp 16,87,31,7,48,50,52,44,56,52,55,52,56,38,39,28,51,53,47,40,56,44,49,35,36,35,30,35,63,61,70,57,58,58,59,58,58,58,58,58,58,58,58,58,306,306,306,260,262,245,310,310,310,310,344,344,344,344,331,320,673,632,684,583,679,260,857,785,833,920,1277,1284,1760,1688]} 1. c4 Nf6 2. g3 c6 3. Nf3 d5 4. d4 Bf5 5. Nc3 e6 6. Nh4 {D11: Slav Defence: 3 Nf3 sidelines and 3...Nf6 4 e3 Bg4} Bg4 (6... Bg6 7. Nxg6 hxg6 8. Qd3 Nbd7 9. Bg2 Be7 10. O-O O-O 11. Rd1 Re8 12. Rb1 a5 {½-½ (40) Matlakov,M (2730)-Volkov,S (2627) Sochi 2017}) 7. Qb3 Qb6 8. h3 Bh5 9. c5 {LiveBook: 4 Games} Qc7 10. Bf4 Qc8 11. g4 Bg6 $1 12. Bg2 $146 ({Predecessor:} 12. Nxg6 hxg6 {½-½ (66) Gross,G (2317)-Rudolph,J (2260) Germany 2003}) 12... Nbd7 13. Nxg6 hxg6 14. Qd1 Be7 15. b4 a6 16. O-O Bd8 17. e3 Bc7 18. Bxc7 Qxc7 19. f4 b6 20. Qe2 a5 21. a3 {[%cal Ba2a3,Ba3b4][%mdl 32]} axb4 22. axb4 O-O 23. Ra6 Ra7 24. Rfa1 Rfa8 25. g5 $36 {[%mdl 2048] White has some pressure.} Nh5 26. Rxa7 Rxa7 27. Rxa7 Qxa7 28. Qa2 Qxa2 29. Nxa2 $14 {[%mdl 4096] Endgame Black must now prevent b5! KBN-KNN} b5 $2 ({Black should try} 29... bxc5 $14 30. bxc5 Ng3) 30. Kf2 $18 Kf8 31. Bf1 Nb8 {[#]} 32. Nc1 $1 Na6 33. Nd3 Ke7 34. Be2 Ke8 35. Kf3 Ke7 36. Kg4 Kf8 37. Kh4 Ke7 $2 {[#]} (37... Nf6 38. gxf6 gxf6) 38. Bxh5 gxh5 39. Kxh5 {KN-KN} Kf8 40. Kg4 $2 (40. g6 f6 41. Kg4) 40... Ke7 $2 (40... g6 41. Kf3 Kg8) 41. h4 {[%cal Bh3h4,Bh4h5][%mdl 32] White is clearly winning.} Kf8 42. h5 Ke7 43. f5 exf5+ 44. Kxf5 {Precision: White = 65%, Black = 38%.} 1-0

[Event "40th Eastman Open Ghent"]
[Site "Ghent"]
[Date "2017.07.17"]
[Round "5"]
[White "Michiels, Bart"]
[Black "Hamblok, Roel"]
[Result "1/2-1/2"]
[WhiteElo "2536"]
[BlackElo "2305"]
[Annotator "TA"]
[PlyCount "80"]
[EventDate "2017.??.??"]
[EventType "swiss"]
[EventCountry "BEL"]
[SourceTitle "playchess.com"]
[Source "ChessBase"]
[SourceQuality "1"]

{[%evp 17,80,21,27,7,14,10,19,13,30,22,15,3,8,-4,-4,0,0,-5,14,11,8,8,9,12,18,16,26,22,21,16,36,20,127,127,140,126,135,127,125,125,125,122,138,44,194,146,227,202,202,54,25,0,0,0,0,0,0,0,0,0,0,0,0,0,0]} 1. d4 d5 2. c4 e6 3. Nc3 Be7 4. cxd5 exd5 5. Bf4 c6 6. e3 Bd6 7. Bxd6 Qxd6 8. Bd3 Ne7 {D31: Queen's Gambit Declined: Semi-Slav without ...Nf6 (+ Marshall Gambit and Noteboom) and Exchange Variation lines without ...Nf6} 9. Qc2 g6 {LiveBook: 36 Games} (9... b6 10. Nf3 Ba6 11. O-O Bxd3 12. Qxd3 Nd7 13. e4 O-O 14. Rfe1 Rfe8 15. Rac1 dxe4 16. Nxe4 {1-0 (54) Nakamura,H (2787)-Fressinet,L (2687) Paris 2016}) 10. Qb3 O-O 11. Nf3 Nd7 12. O-O Nf6 13. Rfe1 $146 ({Predecessor:} 13. Rac1 Rb8 14. Qa4 a6 {1-0 (51) Benitah,Y (2377)-Colson,A (2135) Metz 2010}) 13... Rb8 14. Qa4 a6 15. Qa5 Bf5 16. Bf1 h5 17. Qc5 Qxc5 (17... Nc8 {is interesting.} 18. Nh4 Be6 19. Na4 Ne4 20. Qc2 Qe7) 18. dxc5 Ne4 19. Nxe4 Bxe4 20. Nd4 g5 21. Rac1 Bg6 22. Rc3 Nf5 23. Rb3 Nxd4 24. exd4 Rbe8 (24... Rfe8 $11 {remains equal.} 25. Rxe8+ Rxe8) 25. Ree3 $1 $16 Rxe3 26. fxe3 {[%mdl 4096] Endgame KRB-KRB} Re8 27. Rxb7 Rxe3 28. Bxa6 Re1+ 29. Kf2 Rd1 30. Ke3 (30. Rb4 $1 $16) 30... Rh1 (30... Rg1 $14) 31. a4 $18 f5 {[#]} (31... Rxh2 $16 32. Bf1 Rh4) 32. Kf2 $1 {Strongly threatening Bf1.} Ra1 {[#]} 33. Rb4 ({Better is} 33. Rc7 $1 $18) 33... f4 $14 34. g3 {Threatens to win with gxf4.} Be4 $1 {The position is equal.} 35. gxf4 (35. a5 $5) 35... gxf4 36. h4 (36. a5 $5) 36... Rh1 37. a5 {Black must now prevent Bf1.} Rh2+ $1 38. Kg1 Rh1+ 39. Kf2 {aiming for Bf1.} Rh2+ $1 40. Kg1 Rh1+ {Precision: White = 44%, Black = 65%.} 1/2-1/2

[Event "40th Eastman Open Ghent"]
[Site "Ghent"]
[Date "2017.07.17"]
[Round "5"]
[White "Kovalev, Andrei"]
[Black "Ward, Chris G"]
[Result "1/2-1/2"]
[WhiteElo "2517"]
[BlackElo "2441"]
[Annotator "TA"]
[PlyCount "31"]
[EventDate "2017.??.??"]
[EventType "swiss"]
[EventCountry "BEL"]
[SourceTitle "playchess.com"]
[Source "ChessBase"]
[SourceQuality "1"]

{[%evp 15,31,22,16,-11,-7,0,8,-35,-32,-30,-31,-31,-31,-23,-11,-33,-26,-37]} 1. e4 c5 2. Nf3 d6 3. Bb5+ Nd7 4. c3 Ngf6 5. Qe2 a6 6. Ba4 b5 7. Bc2 Bb7 {B51: Sicilian: Moscow Variation (3 Bb5+) without 3...Bd7} 8. O-O (8. d4 e6 9. O-O Be7 10. Nbd2 Qc7 11. Bd3 Nh5 12. g3 Nhf6 13. b3 O-O 14. Bb2 c4 15. Bc2 cxb3 16. axb3 {½-½ (95) Ponomariov,R (2712)-Vidit,S (2692) Khanty-Mansiysk 2017}) 8... c4 {LiveBook: 5 Games} 9. b4 g6 {The position is equal.} 10. a4 Bg7 11. Na3 $146 ({Predecessor:} 11. d4 O-O 12. Re1 Qc7 13. Bd2 e6 14. h3 {1-0 (64) Suarez Gomez,J (2026)-Domingo Nunez,A (1883) Salobrena 2012}) 11... d5 {[%cal Rf6e4]} 12. e5 $1 {[%cal Re5f6]} Ne4 13. Bb2 O-O 14. axb5 axb5 15. Nxb5 (15. e6 $5 fxe6 16. Nxb5 $11) 15... Nxe5 16. Nxe5 1/2-1/2

[Event "40th Eastman Open Ghent"]
[Site "Ghent"]
[Date "2017.07.17"]
[Round "5"]
[White "Docx, Stefan"]
[Black "Dgebuadze, Alexandre"]
[Result "1/2-1/2"]
[WhiteElo "2427"]
[BlackElo "2524"]
[Annotator "TA"]
[PlyCount "92"]
[EventDate "2017.??.??"]
[EventType "swiss"]
[EventCountry "BEL"]
[SourceTitle "playchess.com"]
[Source "ChessBase"]
[SourceQuality "1"]

{[%evp 9,92,41,45,35,56,19,-2,0,34,36,35,39,48,40,69,23,22,25,29,24,49,31,30,33,45,44,45,39,44,41,42,28,28,27,28,29,24,7,10,15,10,0,0,0,0,0,0,-45,0,-32,-32,-32,-32,-32,-32,-32,-32,-32,-32,-32,-32,-32,-32,-32,-32,-44,-44,-45,-45,-57,-57,-57,-57,-57,-57,-57,0,-57,-45,-57,-57,-57,0,-57,0]} 1. d4 e6 2. Nf3 Nf6 3. Bf4 a6 (3... d5 4. e3 c5 5. Nbd2 Nc6 6. c3 Bd6 7. Bg3 O-O 8. Bb5 Bxg3 9. hxg3 Qb6 10. a4 a6 11. Bxc6 bxc6 12. Qc2 Rb8 13. Rb1 cxd4 14. cxd4 a5 15. Ne5 h6 {1-0 (40) So,W (2812)-Karjakin,S (2781) Stavanger 2017}) 4. Nbd2 Be7 $146 ({Predecessor:} 4... d5 5. e3 c5 6. c3 Nc6 7. Bd3 Bd6 8. Bg3 O-O 9. Qc2 h6 10. O-O b6 11. Rfe1 Bb7 12. Rad1 Rc8 13. Qb1 Re8 14. Bxd6 Qxd6 {½-½ (25) Muradli,M (2027)-Tissir,M (2351) Abu Dhabi 2015}) 5. e4 d5 6. Bd3 {A46: 1 d4 Nf6 2 Nf3 e6: Torre, London and Colle Systems} O-O 7. h4 dxe4 8. Nxe4 {The position is equal.} Nxe4 (8... Nd5 {keeps more tension.} 9. Bd2 f5 10. Nc3 Nf6 11. O-O c5) 9. Bxe4 Nd7 10. Qe2 Nf6 11. O-O-O Re8 12. Kb1 Nxe4 13. Qxe4 Qd5 14. Qd3 Bd6 15. c4 Qh5 16. Ne5 Qf5 17. Qxf5 exf5 18. Rhe1 Bxe5 19. Bxe5 c6 $1 20. d5 (20. Kc2 {looks sharper.} f6 21. Bg3 Bd7 22. Kd3 Kf7 23. b3) 20... cxd5 21. cxd5 Bd7 22. b3 f6 23. Bc3 f4 24. Kb2 Kf7 25. f3 Rxe1 26. Rxe1 Re8 27. Rxe8 Kxe8 $11 {[%mdl 4096] Endgame KB-KB} 28. h5 h6 29. Bb4 Bb5 $1 {[%cal Rb5f1] And now ...Bf1 would win.} 30. Kc3 Bf1 31. Kd4 Bxg2 32. Ke4 $1 Bf1 33. a3 Be2 34. Bd6 Bd1 35. b4 Bc2+ 36. Kxf4 Bh7 37. Kg4 Bg8 38. f4 Bxd5 39. f5 Bb3 40. Bc5 Bc2 41. Bb6 Bd1+ 42. Kh4 $1 Bc2 43. Kg4 $1 Bd3 44. Bc5 Be2+ 45. Kh4 $1 Bd3 46. Kg4 Be2+ {Precision: White = 63%, Black = 68%.} (46... Bb5 $15) 1/2-1/2

[Event "40th Eastman Open Ghent"]
[Site "Ghent"]
[Date "2017.07.17"]
[Round "5"]
[White "Hunt, Adam C"]
[Black "Boog, Ben"]
[Result "1-0"]
[WhiteElo "2424"]
[BlackElo "2109"]
[Annotator "TA"]
[PlyCount "53"]
[EventDate "2017.??.??"]
[EventType "swiss"]
[EventCountry "BEL"]
[SourceTitle "playchess.com"]
[Source "ChessBase"]
[SourceQuality "1"]

{[%evp 22,53,46,39,38,37,46,34,64,60,50,63,59,54,56,63,49,55,82,25,108,98,122,109,164,147,472,450,619,551,898,858,854,825]} 1. e4 c6 2. d4 d5 3. exd5 cxd5 4. c4 Nf6 5. Nc3 e6 6. Nf3 dxc4 7. Bxc4 Be7 8. O-O O-O 9. Re1 Nbd7 10. a3 Nb6 {D26: Queen's Gambit Accepted: 4 e3 e6 5 Bxc5 c5 sidelines} 11. Bb3 Bd7 12. Ne5 {LiveBook: 3 Games} Rc8 {White is slightly better.} 13. Qd3 Nfd5 14. Bc2 {[%csl Gc2][%cal Rd3h7] [#]} f5 $146 ({Predecessor:} 14... g6 15. Bh6 Re8 16. Qf3 Bf6 17. Nxd5 Nxd5 18. Be4 Bc6 19. Rac1 Qe7 20. Rc2 {1-0 (59) Buhmann,R (2521)-Banusz,T (2434) Balatonlelle 2005}) 15. Bb3 Bf6 16. Bd2 Re8 17. Nb5 $36 {[%mdl 2048] White is pushing.} Bxb5 18. Qxb5 a6 19. Qd3 Qd6 20. Re2 ({White should play} 20. g4 $16) 20... Rc7 (20... Bxe5 $11 {remains equal.} 21. Rxe5 Nd7) 21. Rae1 $16 g6 22. Qf3 Bxe5 (22... Rce7 $16) 23. Rxe5 $18 {[#] Strongly threatening Bxd5.} Kf7 $2 {[%mdl 8192]} (23... Qc6 $16 {is tougher.} 24. Ba5 Rce7) 24. g4 {[%cal Bg2g4,Bg4f5][%mdl 32] White is clearly winning.} Qd7 25. Ba5 Rc6 26. Bxb6 Nxb6 27. gxf5 {Precision: White = 73%, Black = 34%.} 1-0